000 00491cam a2200193 4500
001 D7041
008 090401t1980 xxu||||| |||| 00| 0 eng d
035 _a(Sirsi) u4878
041 _aeng
050 _a624.172
100 _aMayo, A.P.
245 _aLong term performance tests on trussed rafters
260 _aGarston, Watford
_bBuilding Research Establishment
_c1980
300 _a10p. 30cm
350 _a0
490 _aBRE Current Paper
_v1/80
942 _n0
948 _c04/03/1997
999 _c86079
_d86079